Iraq True or False - Statistics

General Stats
  • This quiz has been taken 52 times
  • The average score is 12 of 15
Answer Stats
Question Answer % Correct
Iraq's capital city is Tehran. False
100%
Roughly 10% of Iraq's population are Buddhists. False
100%
Iraq's denonym is Iraqian. False
100%
Iraq's population is larger than Syria's. True
100%
Iraq uses the dinar as its currency. True
100%
Iraq is the world's most dangerous country. False
88%
Iraq has writing on its flag. True
88%
Iraq borders Turkey. True
88%
Iraq drives on the left side of the road. False
75%
Iraq's capital is not its largest city. False
75%
Kurdish is an official language of Iraq. True
75%
Iraq's average elevation is over 1,000 feet (305 m). True
75%
Over 95% of Iraq's population are Muslims. True
50%
Iraq has Lake Tharthar. True
38%
Iraq's population density is higher than Iran's. True
38%
No matching quizzes found
Score Distribution
Percent of People with Each Score
Percentile by Number Answered
Your Score History
You have not taken this quiz